| 000 | 00353 a2200145 4500 | ||
|---|---|---|---|
| 001 | 166777 | ||
| 020 | _a | ||
| 040 | _cMagnum | ||
| 100 | _aChaitow, Leon | ||
| 240 | 1 | 0 |
_aOsteopatia: manipulacao e estrutura do corpo _lpor |
| 245 | 1 | 0 | _aOsteopatia: manipulacao e estrutura do corpo |
| 362 | 0 | _a1899 | |
| 697 | _aCIENCIAS MEDICAS SAUDE | ||
| 942 | _cBK | ||
| 999 |
_c166777 _d166777 |
||